Culture Générale - Série 1413 - Statistiques

Statistiques générales
  • Ce quiz a été pris 163 fois
  • Le résultat moyen est 6 sur 10
Statistiques - réponses
Question Réponse % Correct
Quel peintre, né en 1844, est également appelé « le Douanier » ? Henri Rousseau
93%
Quel journaliste littéraire animait "Apostrophes" et "Bouillon de culture" ? Bernard Pivot
77%
Quelle fille du prince Rainier III de Monaco a eu trois enfants de son mariage avec Stefano Casiraghi ? Caroline
75%
Comment appelle-t-on le versant de la montagne non situé au soleil ? ubac
72%
Dans le langage familier, comment appelle-t-on les dents du petit enfant ? quenottes
70%
Dans quel pays européen le "régime des colonels" est-il instauré, en avril 1967 ? Grèce
57%
Quelle est la plus petite unité de mémoire utilisable sur un ordinateur ? bit
55%
En 1957, quelle ville donne son nom au traité instituant la Communauté économique européenne ? Rome
55%
Redoutable prédatrice, l'orque est surnommée la baleine... tueuse
44%
A quel réalisateur doit-on le film "La Vie est un long fleuve tranquille" ? Étienne Chatiliez
28%
Aucun quiz correspondant
Distribution des résultats
% des personnes avec chaque résultat
Percentile par nombre de réponses
Votre historique - résultats
Vous n’avez pas pris ce quiz